Új igazgató az AGROKER-nél
Elmentve itt :
| Szerző: | |
|---|---|
| Dokumentumtípus: | Cikk |
| Megjelent: |
1982-06-25
|
| Sorozat: | Délmagyarország
72 No. 147 |
| Kulcsszavak: | Hajdu László, Agroker |
| Online Access: | http://dmarchiv.bibl.u-szeged.hu/94503 |
| LEADER | 00458nab a2200157 i 4500 | ||
|---|---|---|---|
| 001 | delm94503 | ||
| 005 | 20190624105126.0 | ||
| 008 | 190624s1982 hu o 0|| hun d | ||
| 040 | |a SZTE Délmagyarország Archívum |b hun | ||
| 041 | |a hun | ||
| 100 | 1 | |a Hajdu László | |
| 245 | 1 | 0 | |a Új igazgató az AGROKER-nél |h [elektronikus dokumentum] / |c Hajdu László |
| 260 | |c 1982-06-25 | ||
| 300 | |a 8 | ||
| 490 | 0 | |a Délmagyarország |v 72 No. 147 | |
| 695 | |a Hajdu László, Agroker | ||